000 00596nam a2200169 i 4500
001 187961
003 ES-MaACL
005 20230906223053.0
008 180402s1948 sp |||| | spa d
245 0 0 _aConferencias pronunciadas durante el curso 1947-48 /
_cpor los señores Feliciano Cereceda... [et al.].
260 _aMadrid :
_bMinisterio de Asuntos Exteriores, Escuela Diplomática,
_c1948.
300 _a244 p. ;
_c24 cm.
651 4 _aEspaña-
_xHistoria.
_98209
700 0 _aCereceda, Feliciano.
_937480
710 0 _aEscuela Diplomática (España)
_93563
852 _aES-MaACL
_jB-13894
999 _c187961
_d187961